00872cam a2200241 a 450000100100000000500170001000800410002702000150006804000230008304100380010608200180014410000400016224500710020226000280027330000210030153400370032265000310035965000350039070000350042591000340046095201210049499900150061500000396120200929150637.0850219s1997 sp 001 f spa  a8482382322 aDO-SdBNPcDLCdDLC17aspaheng2Código de idioma MARC a813.54bL427n1 aLaymon, Richardd1947 - 200191190310aNoche infinita /cRichard Laymon ; Traducción, Guillermo Solana. aMadrid :bLibsa,c1997. a400 p. ;c22 cm. aTítulo original: Endless night 4aNovela estadounidense9262 4aLiteratura estadounidense92631 aSolana, Guillermo.etr.911904 aCatalogación por copia / LC 001052708MOaGRbGRcHDd2009-07-15iLF1l0o813.54 L427np3961-10r2020-06-25w2020-06-25y2ZPréstamo interno c3780d3780